| 000 | 00582nam a2200169 i 4500 | ||
|---|---|---|---|
| 001 | 184957 | ||
| 003 | ES-MaACL | ||
| 005 | 20251015063155.0 | ||
| 008 | 160229s1911 gw |||| | ger d | ||
| 100 | 1 |
_aCathrein, Victor, _d1845-1931 _937069 |
|
| 245 | 1 | 0 |
_aMoralphilosophie : _beine wissenchaftliche Darlegung der sittlichen, einschließlich der rechtlichen Ordnung / _cvon Victor Cathrein. |
| 260 |
_aFreiburg im Breisgau : _bHerder, _c1911. |
||
| 300 |
_a2 v. ; _c24 cm. |
||
| 650 | 7 |
_aÉtica _2embne _912577 |
|
| 852 |
_aES-MaACL _jG-548-49 |
||
| 999 |
_c184957 _d184957 |
||